000 00727cam a22002533a 4500
001 30152
003 PGUSA
005 20140828083642.0
008 091001s2009||||xxu|||||s|||||000 | eng d
040 _aPGUSA
_beng
042 _adc
050 4 _aBF
050 4 _aRC
100 1 _aVaknin, Samuel,
_d1961-
245 1 0 _aNarcissistic and Psychopathic Leaders
_h[electronic resource] /
_cSamuel Vaknin
260 _bProject Gutenberg,
_c2009
506 _aCopyrighted. Read the copyright notice inside this book for details.
516 _aElectronic text
653 _aNarcissism
700 1 _aRangelovska, Lidija
830 0 _aProject Gutenberg
_v30152
856 4 0 _uhttp://www.gutenberg.org/ebooks/30152
942 _cEB
999 _c259407
_d259407